UITU Library & LRC     

Hacking: mobile security secrets and solutions (Record no. 12686)

MARC details
000 -LEADER
fixed length control field 00538nam a2200181Ia 4500
008 - FIXED-LENGTH DATA ELEMENTS--GENERAL INFORMATION
fixed length control field 240925s9999 xx 000 0 und d
020 ## - INTERNATIONAL STANDARD BOOK NUMBER
International Standard Book Number 9789351342786
082 ## - DEWEY DECIMAL CLASSIFICATION NUMBER
Classification number 005.8 BER
100 ## - MAIN ENTRY--PERSONAL NAME
Personal name Bergman, Neil
245 #0 - TITLE STATEMENT
Title Hacking: mobile security secrets and solutions
250 ## - EDITION STATEMENT
Edition statement NA
260 ## - PUBLICATION, DISTRIBUTION, ETC.
Place of publication, distribution, etc. New Delhi:
Name of publisher, distributor, etc. McGraw Hill Education (India) Private Limited
Date of publication, distribution, etc. ,2013.
300 ## - PHYSICAL DESCRIPTION
Extent 662p.
Other physical details 0
Type of unit Original
500 ## - GENERAL NOTE
General note Includes Index
600 ## - SUBJECT ADDED ENTRY--PERSONAL NAME
Personal name Computer Science
650 ## - SUBJECT ADDED ENTRY--TOPICAL TERM
Topical term or geographic name entry element Computer science, information & general works
942 ## - ADDED ENTRY ELEMENTS (KOHA)
Koha item type Books
Holdings
Withdrawn status Lost status Damaged status Not for loan Collection Home library Current library Date acquired Source of acquisition Cost, normal purchase price Total checkouts Full call number Barcode Date last seen Price effective from Koha item type
        Computer Science UITU Library UITU Library 03/03/2015 H & S Enterprises 1232.50   005.8 BER Q10187 09/25/2024 09/25/2024 Books

Powered by Koha